Bangla Academy : (Record no. 5510)
[ view plain ]
| 000 -LEADER | |
|---|---|
| fixed length control field | 00599nam a2200229 a 4500 |
| 001 - CONTROL NUMBER | |
| JCCL Control Number | 5510 |
| 003 - CONTROL NUMBER IDENTIFIER | |
| JCCL marc code | BD-JhCC |
| 005 - DATE AND TIME OF LATEST TRANSACTION | |
| control field | 20180114180358.0 |
| 008 - FIXED-LENGTH DATA ELEMENTS--GENERAL INFORMATION | |
| fixed length control field | 171217s1994 bg ||||| ||a| 00| 0 mul d |
| 020 ## - INTERNATIONAL STANDARD BOOK NUMBER | |
| International Standard Book Number | 984074660X |
| 035 ## - SYSTEM CONTROL NUMBER | |
| system control number | (BD-JhCC)5510 |
| 040 ## - CATALOGING SOURCE | |
| Original cataloging agency | BD-JhCC |
| Modifying agency | BD-JhCC |
| 041 ## - LANGUAGE CODE | |
| Language code of Book | mul |
| 082 ## - DEWEY DECIMAL CLASSIFICATION NUMBER | |
| Classification number | 491.443 |
| Author mark and Year | BAN 1994 |
| 245 ## - TITLE STATEMENT | |
| Title | Bangla Academy : |
| Remainder of title | Bengali - English Dictionary / |
| Statement of responsibility, etc | Mohammad Ali edited |
| 260 ## - PUBLICATION, DISTRIBUTION, ETC. (IMPRINT) | |
| Place of publication, distribution, etc | Dhaka : |
| Name of publisher, distributor, etc | Bangla Academy, |
| Date of publication, distribution, etc | 1994. |
| 300 ## - PHYSICAL DESCRIPTION | |
| Pagination | 878 p. : |
| Dimensions | 21 cm. |
| 650 ## - SUBJECT ADDED ENTRY--TOPICAL TERM | |
| Topical term or geographic name as entry element | Dictionaries, Bengali |
| 700 ## - ADDED ENTRY--PERSONAL NAME | |
| Personal name | Ali, Mohammad |
| 942 ## - ADDED ENTRY ELEMENTS (KOHA) | |
| Source of classification or shelving scheme | Dewey Decimal Classification |
| Koha item type | Books |
| Source of classification or shelving scheme | Damaged status | Not for loan | Home library | Current library | Shelving location | Cost, normal purchase price | Total Checkouts | Full call number | Barcode | Date last seen | Copy number | Koha item type | Date of accession | Checked out | Date checked out | Method of acquisition | Currency |
|---|---|---|---|---|---|---|---|---|---|---|---|---|---|---|---|---|---|
| Dewey Decimal Classification | JCC Rouf Library | JCC Rouf Library | General Stacks | 200.00 | 491.443 BAN 1994 | 7264 | 12/17/2017 | C - 1 | Books | ||||||||
| Dewey Decimal Classification | JCC Rouf Library | JCC Rouf Library | General Stacks | 200.00 | 1 | 491.443 BAN 1994 | 7263 | 04/12/2025 | C - 2 | Books | 04/12/2025 | 05/18/2025 | 04/12/2025 | ||||
| Dewey Decimal Classification | JCC Rouf Library | JCC Rouf Library | General Stacks | 120.00 | 491.443 BAN 1994 | 8168 | 12/27/2017 | C-3 | Books | 12/26/2017 | |||||||
| Dewey Decimal Classification | JCC Rouf Library | JCC Rouf Library | General Stacks | 120.00 | 491.443 BAN 1994 | 8169 | 12/27/2017 | C-4 | Books | 12/26/2017 | |||||||
| Dewey Decimal Classification | JCC Rouf Library | JCC Rouf Library | General Stacks | 520.00 | 491.443 BAN 2018 | 18815 | 03/02/2024 | C-5 | Books | Purchase | BDT | ||||||
| Dewey Decimal Classification | JCC Rouf Library | JCC Rouf Library | General Stacks | 520.00 | 491.443 BAN 2018 | 18816 | 03/02/2024 | C-6 | Books | Purchase | BDT |